Statistiques concernant Effectif du Stade rochelais - Saison 2021-2022.

Cliquez ici pour prendre le quiz!

Statistiques générales

  • Ce quiz a été pris 89 fois
  • Le résultat moyen est 25 sur 40

Statistiques - réponses

PosteJoueurNationalitéPts% Correct
TalonneurPierre Bourgarit25
97%
3e ligneGrégory Alldritt25
92%
Demi d'ouvertureIhaia West239
92%
PilierUini Atonio15
92%
ArrièreBrice Dulin5
91%
Demi de mêléeTawera Kerr-Barlow35
91%
CentreLevani Botia35
86%
2e ligneWilliam Skelton20
85%
TalonneurFacundo Bosch10
82%
AilierRaymond Rhule25
79%
AilierDillyn Leyds47
77%
PilierReda Wardi5
74%
2e ligneRomain Sazy5
74%
2e ligneThomas Lavault5
73%
Demi d'ouvertureJules Plisson41
71%
3e ligneVictor Vito5
70%
AilierArthur Retière15
68%
PilierDany Priso10
68%
CentreJonathan Danty15
68%
CentreJules Favre47
68%
Demi de mêléeThomas Berjon15
65%
Demi d'ouverturePierre Popelin123
64%
3e ligneWiaan Liebenberg10
62%
CentreJérémy Sinzelle-
61%
Demi de mêléeJules Le Bail5
58%
3e lignePaul Boudehent10
56%
CentrePierre Boudehent10
56%
2e ligneRémi Picquette20
56%
3e ligneMatthias Haddad5
52%
3e ligneKevin Gourdon5
50%
PilierJoel Sclavi5
48%
AilierMartin Alonso Munoz-
48%
3e ligneRémi Bourdeau-
44%
TalonneurSamuel Lagrange-
41%
PilierLéo Aouf-
39%
PilierRamiro Herrera-
33%
CentreEneriko Buliruarua20
29%
PilierGuram Papidze5
27%
2e ligneMathieu Tanguy-
27%
AilierMalcom Bertschy-
12%

Distribution des résultats

Percentile par nombre de réponses

% des personnes avec chaque résultat

Votre développement - résultats

Vous n’avez pas pris ce quiz